| 000 | 01008nam a22003850a 4500 | ||
|---|---|---|---|
| 001 | UByD000337 | ||
| 003 | AR-LpoUNG | ||
| 005 | 20220420184641.0 | ||
| 008 | 220420s2021||||ag |||||||||||||||||spa d | ||
| 020 | _a9789502321751 | ||
| 040 |
_aAR-LpoUNG _bspa _cAR-LpoUNG _eaacr |
||
| 041 | 0 | _aspa | |
| 044 | _aag | ||
| 082 | 0 | _a410 565lin | |
| 100 | 1 |
_aCiapuscio, Guiomar Elena _ecoord. |
|
| 245 | 1 | 3 |
_aLa lingüística : _buna introducción a sus principales preguntas |
| 250 | _a1ra. ed. | ||
| 260 |
_aBuenos Aires : _bEudeba, _c2021. |
||
| 300 | _a572 p. | ||
| 650 | 4 | _aLENGUA ESPAÑOLA | |
| 650 | 4 | _aLINGUISTICA | |
| 650 | 4 | _aSINTAXIS | |
| 650 | 4 | _aTERMINOLOGIA | |
| 650 | 4 | _aLENGUA | |
| 650 | 4 | _aSEMANTICA | |
| 650 | 4 | _aGRAMATICA | |
| 650 | 4 | _aINVESTIGACION LINGUISTICA | |
| 650 | 4 | _aANALISIS HISTORICO | |
| 653 | _aANALISIS DEL DISCURSO | ||
| 653 | _aLEXICO | ||
| 653 | _aSOCIOLINGUISTICA | ||
| 700 | 1 |
_aAdelstein, Andreína _ecoord. |
|
| 905 | _a42507 | ||
| 942 |
_cLIB _2ddc |
||
| 999 |
_c63052 _d63052 |
||